000 01061nam a22003137a 4500
003 CHAP
005 20220329133849.0
008 971013s1980 r 10010 d
010 _a11958
011 _a12930
035 _a16824
040 _cCHAP
082 _a632.96
_bR4 1980
111 0 0 _aReunión Nacional de Control Biológico (
_n8
_d: 1980
_c: Manzanillo, Col.)
_996455
245 _a[Ponencias]
260 _aMéxico, D.F. :
_bDirección General de Sanidad Vegetal,
_c1980
300 _a[Paginación varía]
590 _aBATCH-UPD
_b10
_c20130110
_lUCH01
_h1141
590 _aBATCH-UPD
_b10
_c20130410
_lUCH01
_h0727
590 _aBATCH-UPD
_b10
_c20130914
_lUCH01
_h0022
590 _aCONVERSION
_b10
_c20130109
_lUCH01
_h1308
650 1 4 _aAgricultura
_xPlagas.
_91764
650 1 4 _aControl biológico de plagas.
_927587
650 1 4 _aSanidad Vegetal
_xCongresos.
_9102227
901 _aBK
942 _cLIBRO
949 _a632.96 R4 1980
_bBC
_cCONG
_d-149912
_eCONG
_h59343
_i16824
_si
949 _a632.96 R4 1980
_bPA
_cLIBRO
_d-29078
_eLIBRO
_h1448
_i16824
_si
999 _c11958
_d11958